Zvládnutie trémy - predpoklad úspešnej prezentácie projektov
Tréma, jej podstata, príčiny a dôsledky, zmeny v úrovni trémy u slovenských žiakov a študentov v sekundárnom a terciárnom vzdelávaní. Porovnanie výsledkov z hľadiska pohlavia.
Gespeichert in:
| 1. Verfasser: | |
|---|---|
| Weitere Verfasser: | |
| Format: | Buchkapitel |
| Sprache: | Slowakisch |
| Schlagworte: | |
| Tags: |
Keine Tags, Fügen Sie das erste Tag hinzu!
|
MARC
| LEADER | 00000naa$a2200000$$$4500 | ||
|---|---|---|---|
| 001 | 0224663 | ||
| 005 | 20240502083559.6 | ||
| 041 | 0 | |a slo | |
| 044 | |a CZ | ||
| 245 | 1 | 0 | |a Zvládnutie trémy - predpoklad úspešnej prezentácie projektov |c Andrea Čonková, Zuzana Chmelárová |
| 520 | |a Tréma, jej podstata, príčiny a dôsledky, zmeny v úrovni trémy u slovenských žiakov a študentov v sekundárnom a terciárnom vzdelávaní. Porovnanie výsledkov z hľadiska pohlavia. | ||
| 610 | 2 | 0 | |a študenti |
| 610 | 2 | 0 | |a vysokoškoláci |
| 610 | 2 | 0 | |a muži |
| 610 | 2 | 0 | |a ženy |
| 610 | 2 | 0 | |a vek |
| 610 | 2 | 0 | |a psychológia |
| 610 | 2 | 0 | |a výskum |
| 100 | 1 | |a Čonková, Andrea, 1982- | |
| 700 | 1 | |a Chmelárová, Zuzana, 1967- | |